000 00927nam a2200277 a 4500
005 20200104041522.0
008 140228b2000 ck a gr|||| 00| 0 spa d
040 _aCO-BoIAVH
_cCO-BoIAVH
041 _aspa
044 _ack
082 4 _a333.7071
_bF72f
111 2 _aForo Internacional de los Países Andinos y Amazónicos sobre Biodiversidad
_cLeticia
_d1996
_954765
245 1 _aMemorias
_bForo etnoeducación ambiental en comunidades afrocolombianas de Antioquia
260 _aMedellín
_bCORANTIOQUIA
_c2000
300 _a83 paginas
_bilustraciones.;
_c22 x 10 cm
650 4 _aEtnoeducación
_98834
650 4 _aEducación ambiental
_9162
650 4 _aComunidades negras
_954767
650 4 _aGestión ambiental
_992206
650 4 _aLegislación
_954769
650 4 _aEtnobotánica
_954770
650 4 _aCultura
_954771
650 4 _aMedio ambiente
_992195
662 _aColombia
_bAntioquia
942 _cLIBRO
_2ddc
999 _c1556
_d1556